[Event "Koge op"]
[Site "Koge"]
[Date "1997.??.??"]
[Round "1"]
[White "Oll, Lembit"]
[Black "Hald, Jens Erik"]
[Result "1-0"]
[WhiteElo "2645"]
[BlackElo "2195"]
[PlyCount "59"]
[EventDate "1997.??.??"]
[EventType "swiss"]
[EventRounds "9"]
[EventCountry "DEN"]
[Source "ChessBase"]
[SourceDate "1999.11.16"]
[WhiteTeamCountry "EST"]
[BlackTeamCountry "RUS"]

1. e4 c5 2. Nf3 Nc6 3. d4 cxd4 4. Nxd4 e5 5. Nb5 d6 6. N1c3 Nf6 7. Bg5 a6 8.
Na3 Be6 9. Nc4 Rc8 10. Bxf6 gxf6 11. Ne3 Bh6 12. Bd3 Bxe3 13. fxe3 Qb6 14. Qc1
Nb4 15. O-O Qd8 16. Qd2 h5 17. Rf3 Rh6 18. Raf1 Bg4 19. Rg3 Kf8 20. Be2 Be6 21.
a3 Nc6 22. Nd5 Bxd5 23. exd5 Nb8 24. Rh3 Qc7 25. e4 Rh7 26. Rxh5 Rg7 27. Qh6
Qc5+ 28. Rf2 Qxc2 29. Qh8+ Rg8 30. Qxf6 1-0

[Event "Koge op"]
[Site "Koge"]
[Date "1997.??.??"]
[Round "2"]
[White "Antonsen, Mikkel"]
[Black "Oll, Lembit"]
[Result "1/2-1/2"]
[WhiteElo "2400"]
[BlackElo "2645"]
[PlyCount "29"]
[EventDate "1997.??.??"]
[EventType "swiss"]
[EventRounds "9"]
[EventCountry "DEN"]
[Source "ChessBase"]
[SourceDate "1999.11.16"]
[WhiteTeamCountry "EST"]
[BlackTeamCountry "RUS"]

1. d4 Nf6 2. c4 e6 3. Nc3 d5 4. Bg5 Be7 5. e3 h6 6. Bh4 O-O 7. Nf3 Nbd7 8. cxd5
exd5 9. Bd3 b6 10. Ne5 Bb7 11. Nxd7 Qxd7 12. O-O c5 13. Qf3 Ne4 14. Nxd5 Qxd5
15. Bxe4 1/2-1/2

[Event "Koge op"]
[Site "Koge"]
[Date "1997.??.??"]
[Round "6"]
[White "Sokolov, Ivan"]
[Black "Oll, Lembit"]
[Result "0-1"]
[WhiteElo "2635"]
[BlackElo "2645"]
[PlyCount "86"]
[EventDate "1997.??.??"]
[EventType "swiss"]
[EventRounds "9"]
[EventCountry "DEN"]
[Source "ChessBase"]
[SourceDate "1999.11.16"]
[WhiteTeamCountry "EST"]
[BlackTeamCountry "RUS"]

1. d4 Nf6 2. c4 e6 3. Nf3 d5 4. Nc3 Be7 5. Bg5 h6 6. Bh4 O-O 7. e3 Nbd7 8. Rc1
c6 9. Bd3 dxc4 10. Bxc4 Nd5 11. Bg3 Nxc3 12. bxc3 b6 13. O-O Bb7 14. Qe2 Nf6
15. Ne5 c5 16. f3 Bd6 17. Bh4 Qc7 18. Bxf6 gxf6 19. Ng4 f5 20. Nf6+ Kh8 21. f4
Qe7 22. Nh5 Rg8 23. Ng3 Rad8 24. Qh5 Qf6 25. Be2 b5 26. Bf3 Bc8 27. Rfd1 a5 28.
Qh3 Be7 29. Nh5 Qg6 30. Bc6 b4 31. cxb4 axb4 32. Bf3 cxd4 33. exd4 Ba6 34. Rc7
Bd6 35. Ra7 Bc4 36. g3 e5 37. fxe5 Bxe5 38. Kg2 f4 39. Qh4 Qc2+ 40. Kh1 Bd5 41.
Bxd5 Qxd1+ 42. Kg2 Qe2+ 43. Kh3 Rxd5 0-1

[Event "Koge op"]
[Site "Koge"]
[Date "1997.??.??"]
[Round "7"]
[White "Oll, Lembit"]
[Black "Timman, Jan H"]
[Result "1/2-1/2"]
[WhiteElo "2645"]
[BlackElo "2625"]
[PlyCount "21"]
[EventDate "1997.??.??"]
[EventType "swiss"]
[EventRounds "9"]
[EventCountry "DEN"]
[Source "ChessBase"]
[SourceDate "1999.11.16"]
[WhiteTeamCountry "EST"]
[BlackTeamCountry "RUS"]

1. e4 e5 2. Nf3 Nc6 3. Bb5 a6 4. Bxc6 dxc6 5. O-O f6 6. d4 exd4 7. Nxd4 c5 8.
Ne2 Qxd1 9. Rxd1 Bd7 10. Nbc3 O-O-O 11. Bf4 1/2-1/2

[Event "Koge op"]
[Site "Koge"]
[Date "1997.??.??"]
[Round "9"]
[White "Oll, Lembit"]
[Black "Mortensen, Erling"]
[Result "1/2-1/2"]
[WhiteElo "2645"]
[BlackElo "2455"]
[PlyCount "28"]
[EventDate "1997.??.??"]
[EventType "swiss"]
[EventRounds "9"]
[EventCountry "DEN"]
[Source "ChessBase"]
[SourceDate "1999.11.16"]
[WhiteTeamCountry "EST"]
[BlackTeamCountry "RUS"]

1. e4 c5 2. Nf3 e6 3. d3 d5 4. Nbd2 Nc6 5. g3 Nf6 6. Bg2 Be7 7. O-O a5 8. a4 b6
9. Re1 Bb7 10. exd5 exd5 11. d4 O-O 12. dxc5 bxc5 13. Nf1 Re8 14. Bf4 Qd7
1/2-1/2

[Event "Mikenas Memorial op"]
[Site "Vilnius"]
[Date "1997.??.??"]
[Round "?"]
[White "Oll, Lembit"]
[Black "Shulman, Yuri"]
[Result "1/2-1/2"]
[WhiteElo "2625"]
[BlackElo "2555"]
[PlyCount "45"]
[EventDate "1997.??.??"]
[EventType "swiss"]
[EventRounds "9"]
[EventCountry "LTU"]
[Source "ChessBase"]
[SourceDate "1997.11.17"]
[WhiteTeamCountry "EST"]
[BlackTeamCountry "RUS"]

1. e4 e6 2. d4 d5 3. Nc3 Bb4 4. exd5 exd5 5. Bd3 Ne7 6. Nge2 Bf5 7. a3 Bxc3+ 8.
Nxc3 Bxd3 9. Qxd3 O-O 10. O-O c6 11. Bg5 h6 12. Bh4 Qd7 13. Bg3 Na6 14. Rae1
Nc7 15. Be5 Rae8 16. Nd1 Nb5 17. Ne3 Nd6 18. Ng4 Ng6 19. Bxd6 Qxd6 20. g3 Qd7
21. Ne3 Ne7 22. Kg2 Nc8 23. Nf5 1/2-1/2

[Event "Mikenas Memorial op"]
[Site "Vilnius"]
[Date "1997.??.??"]
[Round "?"]
[White "Sveshnikov, Evgeny"]
[Black "Oll, Lembit"]
[Result "1-0"]
[WhiteElo "2560"]
[BlackElo "2625"]
[PlyCount "75"]
[EventDate "1997.??.??"]
[EventType "swiss"]
[EventRounds "9"]
[EventCountry "LTU"]
[Source "ChessBase"]
[SourceDate "1997.11.17"]
[WhiteTeamCountry "EST"]
[BlackTeamCountry "RUS"]

1. e4 c6 2. d4 d5 3. exd5 cxd5 4. c4 Nf6 5. Nc3 e6 6. Nf3 Bb4 7. cxd5 Nxd5 8.
Qc2 Nc6 9. Be2 O-O 10. O-O Re8 11. Rd1 Bf8 12. Qe4 g6 13. Bg5 f6 14. Bd2 Bg7
15. Bb5 Nde7 16. Bf4 g5 17. Bg3 Nd5 18. Qg4 Bd7 19. h4 h6 20. hxg5 hxg5 21. Bd3
f5 22. Qh5 g4 23. Nxd5 exd5 24. Nh4 Nxd4 25. Nxf5 Bxf5 26. Bxf5 Ne2+ 27. Kh2
Qf6 28. Bh7+ Kf8 29. Rxd5 Nf4 30. Bxf4 Qxf4+ 31. Kg1 Re5 32. Rxe5 Bxe5 33. g3
Qf6 34. Re1 Bd4 35. Bf5 Rd8 36. Re6 Qh8 37. Bh7 Qg7 38. Re4 1-0

[Event "NED-chT"]
[Site "Netherlands"]
[Date "1997.??.??"]
[Round "?"]
[White "Ligterink, Gert"]
[Black "Oll, Lembit"]
[Result "0-1"]
[WhiteElo "2450"]
[BlackElo "2625"]
[PlyCount "64"]
[EventDate "1997.??.??"]
[EventType "team"]
[EventRounds "9"]
[EventCountry "NED"]
[Source "ChessBase"]
[SourceDate "2006.11.23"]
[WhiteTeamCountry "EST"]
[BlackTeamCountry "RUS"]

1. d4 g6 2. c4 Bg7 3. Nc3 d6 4. Nf3 Nd7 5. e4 e5 6. Be2 Ne7 7. O-O O-O 8. Be3
h6 9. Qd2 Kh7 10. Rad1 a6 11. dxe5 dxe5 12. c5 Qe8 13. Qc2 Nb8 14. Nd5 Nxd5 15.
exd5 Nd7 16. Nd2 f5 17. f3 b5 18. cxb6 cxb6 19. Nc4 b5 20. Nd6 Qe7 21. Qc6 e4
22. f4 Rb8 23. b4 Nf6 24. Bc5 Qd7 25. Nxc8 Rfxc8 26. Qxa6 Nxd5 27. a4 bxa4 28.
Bc4 Ra8 29. Qxa8 Rxa8 30. Bxd5 Rd8 31. Rf2 Qb5 32. Rfd2 Bc3 0-1

[Event "NED-chT"]
[Site "Netherlands"]
[Date "1997.??.??"]
[Round "8"]
[White "Oll, Lembit"]
[Black "Skripchenko, Almira"]
[Result "1-0"]
[WhiteElo "2625"]
[BlackElo "2385"]
[PlyCount "119"]
[EventDate "1997.??.??"]
[EventType "team"]
[EventRounds "9"]
[EventCountry "NED"]
[Source "ChessBase"]
[SourceDate "2006.11.23"]
[WhiteTeamCountry "EST"]
[BlackTeamCountry "RUS"]

1. e4 c5 2. Nf3 e6 3. d3 Nc6 4. g3 g6 5. Bg2 Bg7 6. O-O Nge7 7. Re1 d6 8. Nbd2
O-O 9. Nf1 e5 10. Ne3 f5 11. Nd5 h6 12. c3 Nxd5 13. exd5 Ne7 14. Nd2 g5 15. a4
b6 16. Qb3 Rb8 17. Nc4 Ng6 18. Qc2 Rf7 19. b4 cxb4 20. cxb4 h5 21. b5 h4 22.
Qd2 hxg3 23. fxg3 e4 24. Bb2 Bxb2 25. Qxb2 e3 26. Rxe3 f4 27. Rf3 g4 28. Rf2 f3
29. Bf1 Bf5 30. a5 bxa5 31. Rxa5 Ne5 32. Qa3 Nxc4 33. dxc4 Qe7 34. Ra6 Rb6 35.
Ra4 Rb7 36. Qc3 Qe4 37. Ra6 Rbd7 38. Rc6 Kh7 39. Qd2 Bg6 40. Rc8 Qe5 41. Qb2
Rfe7 42. Rf8 Bf7 43. Ra8 Bg6 44. Rf8 Bf7 45. Bd3+ Kg7 46. Ra8 Kf6 47. Qd2 Bg6
48. Qh6 Qe1+ 49. Bf1 Qe4 50. Rf8+ Rf7 51. Qh8+ Kf5 52. Re8 Rde7 53. Rd8 Rf6 54.
Rf8 Rxf8 55. Qxf8+ Kg5 56. Qd8 Qe3 57. c5 Kf5 58. cxd6 Rh7 59. d7 Bf7 60. Qc8
1-0

[Event "Netherlands"]
[Site "Netherlands"]
[Date "1997.??.??"]
[Round "?"]
[White "Oll, Lembit"]
[Black "Glek, Igor"]
[Result "1-0"]
[WhiteElo "2625"]
[BlackElo "2620"]
[PlyCount "93"]
[EventDate "1997.??.??"]
[EventType "game"]
[EventCountry "NED"]
[Source "ChessBase"]
[SourceDate "2009.11.30"]
[WhiteTeamCountry "EST"]
[BlackTeamCountry "RUS"]

1. e4 e6 2. Qe2 d5 3. exd5 Qxd5 4. Nc3 Qd8 5. g3 c5 6. Bg2 Nc6 7. Bxc6+ bxc6 8.
Nf3 Ne7 9. Ne4 Nf5 10. c3 f6 11. g4 Ne7 12. d3 e5 13. Rg1 Nd5 14. g5 f5 15.
Nxe5 fxe4 16. dxe4 Nc7 17. Qh5+ g6 18. Nxg6 hxg6 19. Qxg6+ Kd7 20. Bf4 Qe8 21.
O-O-O+ Nd5 22. Qxe8+ Kxe8 23. exd5 cxd5 24. g6 Rg8 25. Rge1+ Kd7 26. Rxd5+ Kc6
27. Rd8 Bb7 28. Rxa8 Bxa8 29. Re8 Bb7 30. g7 Rxg7 31. Rxf8 Rg1+ 32. Kc2 c4 33.
Rf7 Kb6 34. Be3+ Ka6 35. b4 Be4+ 36. Kd2 Rb1 37. Rxa7+ Kb5 38. a4+ Kc6 39. Bd4
Bd3 40. b5+ Kd5 41. Ke3 Re1+ 42. Kf4 Re4+ 43. Kg3 Re6 44. Rd7+ Ke4 45. f3+ Kf5
46. Rd5+ Kg6 47. b6 1-0

[Event "Keres Memorial"]
[Site "Kalev"]
[Date "1997.??.??"]
[Round "1"]
[White "Chiburdanidze, Maia"]
[Black "Oll, Lembit"]
[Result "1-0"]
[WhiteElo "2535"]
[BlackElo "2625"]
[PlyCount "55"]
[EventDate "1997.01.??"]
[EventType "tourn (rapid)"]
[EventRounds "9"]
[EventCountry "EST"]
[EventCategory "12"]
[Source "ChessBase"]
[SourceDate "1997.11.17"]
[WhiteTeamCountry "EST"]
[BlackTeamCountry "RUS"]

1. d4 Nf6 2. c4 e6 3. Nc3 Bb4 4. e3 c5 5. Nge2 cxd4 6. exd4 d5 7. a3 Be7 8. Nf4
dxc4 9. Bxc4 O-O 10. O-O Nc6 11. Be3 Bd6 12. Nh5 Bd7 13. Ba2 Rc8 14. Qf3 Nxh5
15. Qxh5 g6 16. Qh6 Ne7 17. g4 Nd5 18. Nxd5 exd5 19. Bxd5 Bb5 20. Bg5 Bxh2+ 21.
Kxh2 Qd6+ 22. Kg1 Bxf1 23. Rxf1 Rce8 24. Rd1 Re2 25. Bxb7 Rxb2 26. Bf3 Rb3 27.
Kg2 Re8 28. Rh1 1-0

[Event "Keres Memorial"]
[Site "Kalev"]
[Date "1997.??.??"]
[Round "2"]
[White "Oll, Lembit"]
[Black "Liiva, Riho"]
[Result "0-1"]
[WhiteElo "2625"]
[BlackElo "2415"]
[PlyCount "118"]
[EventDate "1997.01.??"]
[EventType "tourn (rapid)"]
[EventRounds "9"]
[EventCountry "EST"]
[EventCategory "12"]
[Source "ChessBase"]
[SourceDate "1997.11.17"]
[WhiteTeamCountry "EST"]
[BlackTeamCountry "RUS"]

1. e4 e5 2. Nf3 Nf6 3. Nxe5 d6 4. Nf3 Nxe4 5. d4 d5 6. Bd3 Nd6 7. O-O Be7 8.
Re1 O-O 9. Bf4 Bg4 10. Nbd2 Nd7 11. c3 Bh5 12. Qb3 Nb6 13. a4 a5 14. Ne5 f6 15.
Nef3 Bg6 16. Bxg6 hxg6 17. h4 Qd7 18. Qc2 Kf7 19. h5 gxh5 20. Nh4 f5 21. Ndf3
Bf6 22. Bxd6 cxd6 23. Nxf5 Rae8 24. b3 Nc8 25. Qd3 Ne7 26. Nxe7 Rxe7 27. Rxe7+
Bxe7 28. Nh2 Kg8 29. Qg6 Qf5 30. Qxf5 Rxf5 31. Nf1 Bg5 32. Re1 Kf7 33. Ng3 Rf6
34. Nxh5 Rh6 35. Ng3 Bd2 36. Rd1 Bxc3 37. Ne2 Bb4 38. Nf4 Rh8 39. Nxd5 Rc8 40.
Rd3 Ke6 41. Nb6 Rc1+ 42. Kh2 Rc3 43. Re3+ Rxe3 44. fxe3 Kf5 45. Kg3 Ke4 46. Kf2
Kd3 47. Kf3 Kc2 48. Ke4 Kxb3 49. Kd5 Kc3 50. e4 Kd3 51. e5 dxe5 52. dxe5 Ke2
53. e6 Kf2 54. Nc8 Bf8 55. g4 Kg3 56. e7 Bxe7 57. Nxe7 Kxg4 58. Kc5 Kg5 59. Nc8
Kf6 {Time} 0-1

[Event "Keres Memorial"]
[Site "Kalev"]
[Date "1997.??.??"]
[Round "4"]
[White "Oll, Lembit"]
[Black "Andersson, Ulf"]
[Result "1-0"]
[WhiteElo "2625"]
[BlackElo "2655"]
[PlyCount "117"]
[EventDate "1997.01.??"]
[EventType "tourn (rapid)"]
[EventRounds "9"]
[EventCountry "EST"]
[EventCategory "12"]
[Source "ChessBase"]
[SourceDate "1997.11.17"]
[WhiteTeamCountry "EST"]
[BlackTeamCountry "RUS"]

1. e4 c5 2. Nf3 d6 3. d4 cxd4 4. Nxd4 Nf6 5. Nc3 e6 6. Be2 a6 7. O-O Qc7 8. f4
Be7 9. Be3 O-O 10. g4 Nc6 11. g5 Nd7 12. f5 Nxd4 13. Qxd4 Re8 14. fxe6 fxe6 15.
Bh5 g6 16. Nd5 Qd8 17. Nxe7+ Qxe7 18. Be2 Ne5 19. Rad1 Nf7 20. Rf6 Bd7 21. Bc4
Rf8 22. Bb3 Rae8 23. Bf4 e5 24. Qxd6 Bg4 25. Rxf7 Rxf7 26. Qxe7 Rexe7 27. Rd8+
Kg7 28. Bxf7 Kxf7 29. Be3 Bf3 30. Bc5 Re8 31. Rd7+ Kg8 32. Rxb7 Bxe4 33. Ra7
Ra8 34. Re7 Bxc2 35. Rxe5 Rc8 36. b4 Ba4 37. Re7 Rd8 38. Ra7 Bb5 39. a4 Bc4 40.
Kf2 Rd5 41. h4 Rd3 42. Rc7 Bd5 43. b5 axb5 44. axb5 Rc3 45. b6 Bh1 46. Ke2 Bg2
47. Kd2 Rc4 48. Kd3 Bf1+ 49. Ke3 Bg2 50. Kf2 Bh1 51. Kg3 Be4 52. Kf4 Bh1+ 53.
Ke5 Rxh4 54. b7 Bxb7 55. Rxb7 Rg4 56. Kf6 Rf4+ 57. Ke6 Rf5 58. Rb8+ Kg7 59.
Bd4+ 1-0

[Event "Keres Memorial"]
[Site "Kalev"]
[Date "1997.??.??"]
[Round "5"]
[White "Cramling, Pia"]
[Black "Oll, Lembit"]
[Result "1/2-1/2"]
[WhiteElo "2545"]
[BlackElo "2625"]
[PlyCount "79"]
[EventDate "1997.01.??"]
[EventType "tourn (rapid)"]
[EventRounds "9"]
[EventCountry "EST"]
[EventCategory "12"]
[Source "ChessBase"]
[SourceDate "1997.11.17"]
[WhiteTeamCountry "EST"]
[BlackTeamCountry "RUS"]

1. d4 Nf6 2. c4 e6 3. Nf3 d5 4. Nc3 c6 5. Bg5 Nbd7 6. e3 Qa5 7. Nd2 Bb4 8. Qc2
O-O 9. a3 Ne4 10. Ncxe4 dxe4 11. Bh4 g5 12. Bg3 f5 13. f4 exf3 14. gxf3 e5 15.
O-O-O Be7 16. Bd3 exd4 17. exd4 Nf6 18. Rhe1 Rf7 19. c5 f4 20. Bf2 Nd5 21. Nc4
Qd8 22. Ne5 Rg7 23. Rg1 Bh3 24. Rde1 Bf6 25. Ng4 Bxg4 26. fxg4 Ne3 27. Bxe3
fxe3 28. Rd1 Kh8 29. Bf5 Qe7 30. Rge1 Qe8 31. Rd3 Re7 32. Qe2 Qf7 33. Rxe3 Rae8
34. Qd3 Rxe3 35. Rxe3 Rxe3 36. Qxe3 Qc4+ 37. Qc3 Qf1+ 38. Kc2 Qf2+ 39. Qd2
Qxd2+ 40. Kxd2 1/2-1/2

[Event "Keres Memorial"]
[Site "Kalev"]
[Date "1997.??.??"]
[Round "6"]
[White "Oll, Lembit"]
[Black "Krivonosovs, Olegs"]
[Result "0-1"]
[WhiteElo "2625"]
[BlackElo "2530"]
[PlyCount "92"]
[EventDate "1997.01.??"]
[EventType "tourn (rapid)"]
[EventRounds "9"]
[EventCountry "EST"]
[EventCategory "12"]
[Source "ChessBase"]
[SourceDate "1997.11.17"]
[WhiteTeamCountry "EST"]
[BlackTeamCountry "RUS"]

1. e4 e5 2. Nf3 Nc6 3. Bb5 a6 4. Ba4 Nf6 5. d3 b5 6. Bb3 Be7 7. O-O d6 8. c3
O-O 9. Re1 Na5 10. Bc2 c5 11. Nbd2 Bb7 12. Nf1 Re8 13. Bg5 h6 14. Bh4 Nh5 15.
Bxe7 Qxe7 16. Ne3 Nf4 17. Qd2 Qf6 18. a4 c4 19. axb5 axb5 20. d4 Nc6 21. d5 Ne7
22. b3 cxb3 23. Bxb3 Reb8 24. Reb1 Bc8 25. Bc2 Bd7 26. Ne1 Qg5 27. g3 Nh3+ 28.
Kg2 Nf4+ 29. Kh1 Nh3 30. Nf3 Qh5 31. Nh4 Ng6 32. Bd1 Qg5 33. Nhf5 Bxf5 34. exf5
Ne7 35. Rxa8 Rxa8 36. Bg4 Nf4 37. Rg1 h5 38. h4 Qf6 39. Bd1 Nxf5 40. gxf4 Qxh4+
41. Kg2 Qxf4 42. Kf1 Ra1 43. Ke1 Nh4 44. Qb2 Nf3+ 45. Kf1 Rxd1+ 46. Nxd1 Qc4+
0-1

[Event "Keres Memorial"]
[Site "Kalev"]
[Date "1997.??.??"]
[Round "8"]
[White "Oll, Lembit"]
[Black "Gavrikov, Viktor"]
[Result "1-0"]
[WhiteElo "2625"]
[BlackElo "2590"]
[PlyCount "110"]
[EventDate "1997.01.??"]
[EventType "tourn (rapid)"]
[EventRounds "9"]
[EventCountry "EST"]
[EventCategory "12"]
[Source "ChessBase"]
[SourceDate "1997.11.17"]
[WhiteTeamCountry "EST"]
[BlackTeamCountry "RUS"]

1. e4 c5 2. Nf3 d6 3. d4 cxd4 4. Nxd4 Nf6 5. Nc3 a6 6. Bg5 e6 7. f4 Nbd7 8. Be2
Qb6 9. Nb3 Be7 10. Qd3 Qc7 11. Bf3 Rb8 12. O-O-O b5 13. Kb1 h6 14. Bxf6 Nxf6
15. g4 g5 16. f5 b4 17. Ne2 e5 18. c3 bxc3 19. Nxc3 Bb7 20. Qe3 Ba8 21. Rc1 Qb6
22. Qxb6 Rxb6 23. h4 gxh4 24. Rxh4 Nd7 25. Rh2 Bg5 26. Rd1 Ke7 27. Rc2 Rbb8 28.
Na5 Rbc8 29. Nd5+ Bxd5 30. exd5 Rxc2 31. Kxc2 Nf6 32. Nc6+ Kd7 33. Be2 Kc7 34.
b4 Ra8 35. Kb3 e4 36. Na5 Bf4 37. a4 Kb6 38. Nc4+ Kc7 39. a5 Rg8 40. Rf1 Nxd5
41. Nb6 Nxb6 42. axb6+ Kxb6 43. Rxf4 d5 44. Kc3 Rc8+ 45. Kd2 a5 46. bxa5+ Kxa5
47. Rf1 Rc6 48. Rb1 Rb6 49. Rxb6 Kxb6 50. Ke3 Kc5 51. Bf1 f6 52. Be2 Kd6 53.
Kd4 Kc6 54. Bd1 Kd6 55. Bb3 Kc7 1-0

[Event "Keres Memorial"]
[Site "Kalev"]
[Date "1997.??.??"]
[Round "9"]
[White "Ehlvest, Jaan"]
[Black "Oll, Lembit"]
[Result "1/2-1/2"]
[WhiteElo "2635"]
[BlackElo "2625"]
[PlyCount "77"]
[EventDate "1997.01.??"]
[EventType "tourn (rapid)"]
[EventRounds "9"]
[EventCountry "EST"]
[EventCategory "12"]
[Source "ChessBase"]
[SourceDate "1997.11.17"]
[WhiteTeamCountry "EST"]
[BlackTeamCountry "RUS"]

1. d4 d5 2. c4 c6 3. Nc3 Nf6 4. e3 e6 5. Nf3 Nbd7 6. Be2 dxc4 7. Bxc4 b5 8. Bd3
Bb7 9. O-O a6 10. e4 c5 11. d5 c4 12. Bc2 Qc7 13. dxe6 fxe6 14. Ng5 Nc5 15. e5
Qxe5 16. Re1 Qd6 17. Qxd6 Bxd6 18. Be3 O-O 19. Rad1 Be7 20. Bxc5 Bxc5 21. Nxe6
Rfc8 22. h3 Rab8 23. a3 Bb6 24. Rd6 Rc6 25. Rxc6 Bxc6 26. Nxg7 Bxg2 27. Kxg2
Kxg7 28. Re7+ Kf8 29. Re6 Kf7 30. Rc6 Nd7 31. f4 Bd4 32. Rd6 Bxc3 33. bxc3 Nc5
34. Kf3 Rc8 35. Bxh7 Na4 36. Rxa6 Nxc3 37. h4 Nd5 38. Bf5 Rc5 39. h5 1/2-1/2

[Event "New York op"]
[Site "New York"]
[Date "1997.??.??"]
[Round "?"]
[White "Lobron, Eric"]
[Black "Oll, Lembit"]
[Result "0-1"]
[WhiteElo "2570"]
[BlackElo "2625"]
[PlyCount "102"]
[EventDate "1997.04.02"]
[EventType "swiss"]
[EventRounds "9"]
[EventCountry "USA"]
[Source "ChessBase"]
[SourceDate "1997.05.01"]
[WhiteTeamCountry "EST"]
[BlackTeamCountry "RUS"]

1. e3 e5 2. c4 Nf6 3. Nc3 Nc6 4. a3 g6 5. Nf3 Bg7 6. d3 O-O 7. Be2 d5 8. cxd5
Nxd5 9. Qc2 a5 10. Bd2 Nb6 11. Rc1 Kh8 12. Nb5 f5 13. e4 Be6 14. b3 Nc8 15. O-O
Nd6 16. a4 Bg8 17. Bc3 Qd7 18. Rfe1 Rae8 19. Bd1 Re7 20. Qb2 fxe4 21. dxe4 b6
22. Bd2 Nb7 23. Bg5 Ree8 24. Be3 Nbd8 25. Qc3 Re7 26. Be2 h6 27. h3 Kh7 28.
Red1 Qe8 29. Bc4 Bxc4 30. Qxc4 g5 31. Nh2 Qg6 32. Nf1 Nd4 33. Nxc7 Qxe4 34. Ng3
Qg6 35. Re1 Ref7 36. Nd5 N8e6 37. Bxd4 Nxd4 38. Ne4 g4 39. Rc3 gxh3 40. Rg3 Qe6
41. Rxh3 Kg8 42. Ne3 Qg6 43. Qd5 Kh8 44. Kh2 Rf4 45. Nc4 R4f5 46. Ree3 Rh5 47.
Rxh5 Qxh5+ 48. Rh3 Qf5 49. Ncd2 Ne2 50. g3 Qg6 51. Rh4 Rxf2+ 0-1

[Event "New York op"]
[Site "New York"]
[Date "1997.??.??"]
[Round "?"]
[White "Markzon, Gregory"]
[Black "Oll, Lembit"]
[Result "0-1"]
[WhiteElo "2295"]
[BlackElo "2625"]
[PlyCount "172"]
[EventDate "1997.04.02"]
[EventType "swiss"]
[EventRounds "9"]
[EventCountry "USA"]
[Source "ChessBase"]
[SourceDate "1997.05.01"]
[WhiteTeamCountry "EST"]
[BlackTeamCountry "RUS"]

1. e4 c5 2. Nf3 d6 3. d4 Nf6 4. Nc3 cxd4 5. Nxd4 a6 6. Bg5 e6 7. f4 Qc7 8. Qf3
b5 9. a3 Nbd7 10. O-O-O Bb7 11. Bd3 Be7 12. Rhe1 Nc5 13. Qh3 O-O-O 14. b4 Nxd3+
15. Rxd3 Kb8 16. Nb3 h6 17. Bxf6 Bxf6 18. Red1 Rc8 19. e5 dxe5 20. Nc5 e4 21.
Rd6 Rhd8 22. N3xe4 Be7 23. Qd3 f5 24. Nd7+ Ka7 25. Qd4+ Ka8 26. Nec5 Bxd6 27.
Qxd6 Qxd6 28. Rxd6 Ka7 29. Nxe6 Re8 30. Ndc5 Re7 31. Nd8 Bxg2 32. Rxa6+ Kb8 33.
Nde6 Rc6 34. Ra5 Rcxe6 35. Nxe6 Rxe6 36. Rxb5+ Bb7 37. Rxf5 Re2 38. Rf8+ Ka7
39. h4 Be4 40. Rf7+ Kb6 41. Rxg7 Rxc2+ 42. Kd1 Ra2 43. Re7 Bf5 44. Ke1 h5 45.
Re5 Bg4 46. Ra5 Kc6 47. f5 Kd6 48. f6 Ke6 49. Ra6+ Kf7 50. b5 Re2+ 51. Kf1 Rb2
52. a4 Be6 53. Rc6 Kxf6 54. b6 Ke5 55. a5 Bd5 56. Rh6 Kd4 57. Rxh5 Rb5 58. Kf2
Rxa5 59. Rg5 Rb5 60. Rg6 Be4 61. Rd6+ Ke5 62. Rh6 Kf4 63. Rf6+ Bf5 64. Ke2 Rb2+
65. Kd1 Ke5 66. Rh6 Be6 67. Kc1 Rxb6 68. Kd2 Rb3 69. Rh5+ Kd4 70. Ra5 Rb2+ 71.
Kc1 Rh2 72. h5 Bc4 73. Ra3 Rxh5 74. Rg3 Rh2 75. Kd1 Bd3 76. Ke1 Ke4 77. Rg4+
Kf3 78. Rg7 Be4 79. Kd1 Kf4 80. Kc1 Bf5 81. Re7 Be4 82. Rd7 Ke3 83. Rd2 Rh8 84.
Ra2 Rb8 85. Rb2 Rc8+ 86. Kd1 Bf3+ 0-1

[Event "New York op"]
[Site "New York"]
[Date "1997.??.??"]
[Round "?"]
[White "Oll, Lembit"]
[Black "De Firmian, Nick E"]
[Result "1/2-1/2"]
[WhiteElo "2625"]
[BlackElo "2575"]
[PlyCount "40"]
[EventDate "1997.04.02"]
[EventType "swiss"]
[EventRounds "9"]
[EventCountry "USA"]
[Source "ChessBase"]
[SourceDate "1997.05.01"]
[WhiteTeamCountry "EST"]
[BlackTeamCountry "RUS"]

1. e4 c5 2. Nf3 d6 3. d4 cxd4 4. Nxd4 Nf6 5. Nc3 a6 6. Be2 e5 7. Nb3 Be7 8. O-O
O-O 9. Kh1 Qc7 10. a4 Be6 11. Nd5 Nxd5 12. exd5 Bf5 13. c4 Nd7 14. a5 Bg6 15.
Be3 Rfe8 16. Qd2 h6 17. Rfc1 Qd8 18. Rc3 e4 19. Rac1 Bf6 20. Bd4 Bg5 1/2-1/2

[Event "New York op"]
[Site "New York"]
[Date "1997.??.??"]
[Round "?"]
[White "Oll, Lembit"]
[Black "Garcia, Gildardo"]
[Result "1-0"]
[WhiteElo "2625"]
[BlackElo "2485"]
[PlyCount "87"]
[EventDate "1997.04.02"]
[EventType "swiss"]
[EventRounds "9"]
[EventCountry "USA"]
[Source "ChessBase"]
[SourceDate "1997.05.01"]
[WhiteTeamCountry "EST"]
[BlackTeamCountry "RUS"]

1. e4 e5 2. Nf3 Nc6 3. d4 exd4 4. Nxd4 Nf6 5. Nxc6 bxc6 6. e5 Qe7 7. Qe2 Nd5 8.
c4 Nb6 9. Nd2 Qe6 10. b3 Be7 11. Bb2 O-O 12. g3 d5 13. exd6 cxd6 14. Qxe6 Bxe6
15. Bg2 d5 16. cxd5 cxd5 17. O-O Rfc8 18. Nf3 Rc2 19. Bd4 Rac8 20. a4 R8c7 21.
Be5 Rc8 22. Nd4 Rd2 23. Rae1 Rd3 24. Rd1 Rxd1 25. Rxd1 Nd7 26. Bf4 Nf6 27. Nb5
Rc2 28. Be3 a6 29. Nd4 Rc3 30. Bf1 Bg4 31. Re1 Bc5 32. Bxa6 Bxd4 33. Bxd4 Rxb3
34. a5 Ne4 35. Bf1 Ra3 36. a6 h6 37. a7 Bd7 38. Rb1 Nd2 39. Rb8+ Kh7 40. Bc5
Nf3+ 41. Kh1 Ra1 42. a8=Q Rd1 43. Rh8+ Kg6 44. Qa6+ 1-0

[Event "New York op"]
[Site "New York"]
[Date "1997.??.??"]
[Round "?"]
[White "Oll, Lembit"]
[Black "Kharlov, Andrei"]
[Result "1-0"]
[WhiteElo "2625"]
[BlackElo "2555"]
[PlyCount "91"]
[EventDate "1997.04.02"]
[EventType "swiss"]
[EventRounds "9"]
[EventCountry "USA"]
[Source "ChessBase"]
[SourceDate "1997.05.01"]
[WhiteTeamCountry "EST"]
[BlackTeamCountry "RUS"]

1. e4 c5 2. Nf3 Nc6 3. d4 cxd4 4. Nxd4 Nf6 5. Nc3 d6 6. Bg5 e6 7. Qd2 Be7 8.
O-O-O O-O 9. Nb3 Qb6 10. f3 a6 11. Kb1 Rd8 12. h4 d5 13. exd5 Nxd5 14. Nxd5
Rxd5 15. Bd3 Bf8 16. Qe2 Re5 17. Qf1 Rd5 18. Be4 Rxd1+ 19. Qxd1 h6 20. Bc1 e5
21. g4 Be6 22. g5 h5 23. g6 f5 24. f4 fxe4 25. Qxh5 Be7 26. f5 Bd5 27. Qh7+ Kf8
28. Qh8+ Bg8 29. h5 Bf6 30. h6 Ne7 31. h7 Rd8 32. hxg8=Q+ Nxg8 33. Qh3 Qc6 34.
Be3 Rd5 35. Nd2 Be7 36. Nxe4 Rb5 37. f6 gxf6 38. Bc1 Ke8 39. Qh8 Qe6 40. Rh7 f5
41. Rxe7+ Kxe7 42. Qg7+ Kd8 43. Bg5+ Kc8 44. Qf7 Qd5 45. Nc3 Qh1+ 46. Bc1 1-0